000 00554nam a2200181Ia 4500
008 151018s9999 xx 000 0 und d
082 _bRBASDV57793
_a891.461
100 _aमंगेश पाडगांवकर
245 _aजिप्सी
250 _b18
260 _bपुणे प्रकाशन
_c2011
300 _a131
600 _aमंगेश पाडगांवकर
630 _aजिप्सी
700 _aमंगेश पाडगांवकर
730 _aजिप्सी
942 _cBOOK
999 _c1053058
_d1053055